[Event "4NCL Division One"]
[Site "Warwick, ENG"]
[Date "2023.02.12"]
[Round "6.35"]
[White "Movileanu, Daniela"]
[Black "Grieve, Harry"]
[Result "0-1"]
[WhiteElo "2270"]
[BlackElo "2511"]
[PlyCount "66"]
[EventDate "2023.02.12"]
[WhiteTeam "Chessable White Rose 2"]
[BlackTeam "The Sharks 1"]

1. e4 c5 2. Nf3 e6 3. d4 cxd4 4. Nxd4 a6 5. Bd3 Bc5 6. Nb3 Ba7 7. O-O Nc6 8.
Nc3 Nf6 9. Bf4 d6 10. Be2 Ne5 11. Qd2 Bb8 12. Rad1 Bd7 13. a4 Qc7 14. Bg3 O-O
15. f4 Nc4 16. Bxc4 Qxc4 17. e5 Nd5 18. Nxd5 exd5 19. Kh1 Bxa4 20. Nd4 Bd7 21.
Rde1 Re8 22. f5 dxe5 23. Nf3 f6 24. b3 Qc5 25. Nh4 a5 26. Qe2 a4 27. bxa4 Rxa4
28. Qh5 Qxc2 29. Bf4 Re4 30. Bh6 Qf2 31. Nf3 Rxe1 32. Rxe1 gxh6 33. Qxh6 Rf8
0-1

[Event "4NCL Division One"]
[Site "Warwick, ENG"]
[Date "2023.02.12"]
[Round "6.36"]
[White "Dong, Bao Nghia"]
[Black "Li, Harry"]
[Result "1-0"]
[WhiteElo "2412"]
[BlackElo "2228"]
[PlyCount "141"]
[EventDate "2023.02.12"]
[WhiteTeam "The Sharks 1"]
[BlackTeam "Chessable White Rose 2"]

1. d4 Nf6 2. Nf3 d5 3. c4 e6 4. g3 Be7 5. Bg2 O-O 6. O-O dxc4 7. Nc3 a6 8. a4
Nc6 9. e4 Rb8 10. Re1 b5 11. axb5 axb5 12. d5 exd5 13. e5 Ne4 14. Nxd5 Nc5 15.
Nxe7+ Qxe7 16. Qd5 Nb4 17. Qd4 Nb3 18. Qa7 Nc6 19. Bg5 Qd7 20. e6 fxe6 21. Ne5
Nxa7 22. Nxd7 Nxa1 23. Nxb8 Nb3 24. Bf4 c5 25. Rd1 Nd4 26. Kf1 Rf7 27. Bd6 Bb7
28. Bxc5 Bxg2+ 29. Kxg2 e5 30. Ra1 Nb3 31. Rxa7 Nxc5 32. Ra5 Rb7 33. Nc6 g6 34.
Nxe5 Nb3 35. Ra8+ Kg7 36. f4 Nd4 37. Rd8 Ne6 38. Rd5 Kf6 39. Kf3 Ke7 40. Nc6+
Kf7 41. Rd6 Rc7 42. Ne5+ Ke7 43. Rb6 c3 44. bxc3 Rxc3+ 45. Ke4 Rc5 46. h4 Nc7
47. h5 gxh5 48. f5 Ne8 49. Re6+ Kd8 50. Nc6+ Kd7 51. Ne5+ Kd8 52. f6 Nxf6+ 53.
Rxf6 Rc3 54. Kf4 b4 55. Rf7 b3 56. Rxh7 b2 57. Rb7 Rc2 58. Nd3 h4 59. gxh4 b1=Q
60. Rb6 Qb2 61. Rxb2 Ke7 62. Rb6 Kf7 63. Ne5+ Kg7 64. Kg5 Rg2+ 65. Ng4 Ra2 66.
Rb7+ Kf8 67. Kg6 Rg2 68. Rb4 Ra2 69. h5 Ra6+ 70. Nf6 Ra1 71. h6 1-0

[Event "4NCL Division One"]
[Site "Warwick, ENG"]
[Date "2023.02.12"]
[Round "6.37"]
[White "Arnott, Jonathan W"]
[Black "Foisor, Mihaela-Veronica"]
[Result "1/2-1/2"]
[WhiteElo "2168"]
[BlackElo "2208"]
[PlyCount "122"]
[EventDate "2023.02.12"]
[WhiteTeam "Chessable White Rose 2"]
[BlackTeam "The Sharks 1"]

1. e4 e6 2. d4 d5 3. Nd2 c5 4. exd5 cxd4 5. Bb5+ Bd7 6. dxe6 fxe6 7. Bxd7+ Qxd7
8. Ngf3 Nc6 9. O-O O-O-O 10. Nc4 Bd6 11. Nxd6+ Qxd6 12. Ng5 Nh6 13. Qe2 e5 14.
f4 Rhe8 15. fxe5 Nxe5 16. Bf4 Qc5 17. Kh1 Ng6 18. Qd2 Nxf4 19. Qxf4 Qe5 20. Qh4
Kb8 21. Rae1 Nf5 22. Rxe5 Nxh4 23. Rxe8 Rxe8 24. g3 Ng6 25. Rf2 h5 26. Nf3 Re4
27. Rd2 h4 28. Rxd4 Re3 29. Rd3 Re2 30. Rd2 Re4 31. Kg2 hxg3 32. hxg3 Kc7 33.
Kf2 Ne7 34. Rd4 Rxd4 35. Nxd4 Kd6 36. Ke3 Ke5 37. c4 Nc8 38. g4 Nd6 39. b3 Kf6
40. c5 Nc8 41. Kf4 Ne7 42. g5+ Kg6 43. Ne6 b6 44. cxb6 Nd5+ 45. Ke5 Nxb6 46.
Kd6 Kf5 47. Nxg7+ Kxg5 48. Kc6 Kf6 49. Kb7 Kxg7 50. Kxa7 Nd7 51. b4 Kf7 52. Kb7
Ke6 53. a4 Kd5 54. a5 Kc4 55. a6 Kb5 56. a7 Nb6 57. Kc7 Ka6 58. Kb8 Nd7+ 59.
Kc7 Kxa7 60. Kxd7 Kb6 61. b5 Kxb5 1/2-1/2

[Event "4NCL Division One"]
[Site "Warwick, ENG"]
[Date "2023.02.12"]
[Round "6.38"]
[White "Purton, Ben J"]
[Black "Shaw, Peter"]
[Result "1/2-1/2"]
[WhiteElo "2138"]
[BlackElo "2187"]
[PlyCount "43"]
[EventDate "2023.02.12"]
[WhiteTeam "The Sharks 1"]
[BlackTeam "Chessable White Rose 2"]

1. e4 c5 2. Nf3 e6 3. Nc3 Nc6 4. Bb5 Nge7 5. d4 cxd4 6. Nxd4 a6 7. Nxc6 Nxc6 8.
Bxc6 bxc6 9. O-O e5 10. Qf3 d6 11. Qg3 g6 12. f4 Bg7 13. f5 O-O 14. Be3 Kh8 15.
Rad1 Qe7 16. Qf3 f6 17. g4 gxf5 18. gxf5 Rg8 19. Kf2 Bf8 20. Qh5 Bd7 21. Rg1
Rxg1 22. Rxg1 1/2-1/2

[Event "4NCL Division One"]
[Site "Warwick, ENG"]
[Date "2023.02.12"]
[Round "6.41"]
[White "Rudd, Jack"]
[Black "Jones, Gawain C B"]
[Result "0-1"]
[WhiteElo "2310"]
[BlackElo "2623"]
[PlyCount "86"]
[EventDate "2023.02.12"]
[WhiteTeam "West is Best 1"]
[BlackTeam "Chessable White Rose 1"]

1. c4 Nf6 2. d4 g6 3. Nc3 Bg7 4. e4 d6 5. Be2 O-O 6. Bg5 c5 7. d5 h6 8. Bf4 e6
9. Qd2 exd5 10. cxd5 g5 11. Be3 b5 12. f3 b4 13. Nd1 Nh7 14. g4 Nd7 15. h4 Ne5
16. hxg5 hxg5 17. Rc1 a5 18. Bf2 Qf6 19. Ne3 Ng6 20. b3 a4 21. Bg3 axb3 22.
axb3 Nf4 23. Nh3 Qb2 24. Qxb2 Bxb2 25. Rc2 Ra1+ 26. Bd1 Bc3+ 27. Kf2 Nxh3+ 28.
Rxh3 Rd8 29. Be2 Bd4 30. Bc4 Nf8 31. Ke2 Ng6 32. Nf5 Bxf5 33. gxf5 Ne5 34. Bxe5
Bxe5 35. Rh5 Rg1 36. Bb5 Ra8 37. Kd3 Kg7 38. Rh3 Ra3 39. Bc4 Bf4 40. Rb2 Raa1
41. Bb5 Rad1+ 42. Ke2 Rde1+ 43. Kf2 Be3# 0-1

[Event "4NCL Division One"]
[Site "Warwick, ENG"]
[Date "2023.02.12"]
[Round "6.42"]
[White "Rowson, Jonathan"]
[Black "Cooper, John G"]
[Result "1-0"]
[WhiteElo "2550"]
[BlackElo "2231"]
[PlyCount "45"]
[EventDate "2023.02.12"]
[WhiteTeam "Chessable White Rose 1"]
[BlackTeam "West is Best 1"]

1. d4 d5 2. c4 e6 3. Nc3 c5 4. cxd5 exd5 5. Nf3 Nc6 6. Bf4 Nf6 7. e3 c4 8. a3
Be7 9. Be2 O-O 10. O-O Na5 11. Qc2 Nh5 12. Be5 f6 13. Bg3 Nxg3 14. hxg3 Be6 15.
Rad1 Qd7 16. e4 dxe4 17. d5 Bf7 18. Nxe4 Rfd8 19. g4 Qc7 20. b4 Rxd5 21. Rxd5
Bxd5 22. bxa5 Bxa3 23. Nc3 1-0

[Event "4NCL Division One"]
[Site "Warwick, ENG"]
[Date "2023.02.12"]
[Round "6.43"]
[White "Redmond, John P."]
[Black "Adair, James R"]
[Result "0-1"]
[WhiteElo "2194"]
[BlackElo "2451"]
[PlyCount "61"]
[EventDate "2023.02.12"]
[WhiteTeam "West is Best 1"]
[BlackTeam "Chessable White Rose 1"]

1. b3 d5 2. Bb2 Bf5 3. d3 e6 4. Nd2 Nf6 5. g3 Be7 6. Bg2 h6 7. e4 Bh7 8. Nh3 a5
9. a3 c6 10. O-O Na6 11. Qe2 O-O 12. Kh1 a4 13. b4 b5 14. c4 c5 15. cxd5 exd5
16. e5 Ne8 17. bxc5 Nxc5 18. Nf4 Nc7 19. Rac1 Rb8 20. Bh3 N7e6 21. Nxe6 fxe6
22. Rxc5 Bxc5 23. Bxe6+ Kh8 24. f4 b4 25. axb4 Bxb4 26. Nf3 Qa5 27. Nd4 Bc3 28.
Bxc3 Qxc3 29. Qe3 Qxd3 30. Qxd3 Bxd3 31. Nc6 0-1

[Event "4NCL Division One"]
[Site "Warwick, ENG"]
[Date "2023.02.12"]
[Round "6.44"]
[White "Wells, Peter K"]
[Black "Macfarlane, Donald"]
[Result "1/2-1/2"]
[WhiteElo "2370"]
[BlackElo "2145"]
[PlyCount "40"]
[EventDate "2023.02.12"]
[WhiteTeam "Chessable White Rose 1"]
[BlackTeam "West is Best 1"]

1. d4 Nf6 2. c4 e6 3. Nf3 Bb4+ 4. Bd2 c5 5. Bxb4 cxb4 6. g3 b6 7. Bg2 Bb7 8.
O-O O-O 9. a3 Qe7 10. Qb3 Nc6 11. Nbd2 Rfc8 12. d5 Na5 13. Qxb4 Qxb4 14. axb4
Nxc4 15. Nxc4 Rxc4 16. Ne5 Rxb4 17. Nd3 Rb3 18. dxe6 Bxg2 19. exf7+ Kxf7 20.
Kxg2 a5 1/2-1/2

[Event "4NCL Division One"]
[Site "Warwick, ENG"]
[Date "2023.02.12"]
[Round "6.45"]
[White "Kett, Tim"]
[Black "Han, Yichen"]
[Result "0-1"]
[WhiteElo "2184"]
[BlackElo "2423"]
[PlyCount "196"]
[EventDate "2023.02.12"]
[WhiteTeam "West is Best 1"]
[BlackTeam "Chessable White Rose 1"]

1. e4 e5 2. Nc3 Nf6 3. g3 d5 4. exd5 Nxd5 5. Bg2 Nxc3 6. bxc3 Nc6 7. Nf3 Be7 8.
O-O O-O 9. Re1 Bf6 10. d3 Be6 11. Rb1 Rb8 12. c4 Re8 13. Nd2 Qd7 14. Ne4 Be7
15. Be3 b6 16. Ng5 Bxg5 17. Bxg5 Nd4 18. Be3 Bg4 19. f3 Bh3 20. Bxh3 Qxh3 21.
Bxd4 exd4 22. Re4 Qd7 23. Qd2 c5 24. Rbe1 Rxe4 25. fxe4 Qa4 26. Qf4 Rf8 27. Re2
Qxa2 28. Qd6 Qb2 29. e5 Qa1+ 30. Kg2 Qa6 31. Qd5 Qc8 32. e6 fxe6 33. Rxe6 Kh8
34. Re7 Qa8 35. Qb7 Rb8 36. Qxa8 Rxa8 37. Rb7 Kg8 38. Kf3 Kf8 39. Ke4 Re8+ 40.
Kd5 Re7 41. Rb8+ Kf7 42. Kc6 Re6+ 43. Kd5 Re8 44. Rb7+ Re7 45. Rb8 Kf6 46. Ra8
Kg5 47. Rf8 Kg6 48. Ra8 h5 49. h3 Rf7 50. Ke6 Rf6+ 51. Ke5 Rf7 52. h4 Re7+ 53.
Kf4 Kf6 54. Rf8+ Rf7 55. Ra8 Kg6+ 56. Ke4 Rb7 57. Rc8 Re7+ 58. Kf4 Rf7+ 59. Ke4
Rf1 60. Rc6+ Rf6 61. Rc7 Rf7 62. Rc6+ Kh7 63. Rc8 Rf2 64. Rc7 Rxc2 65. Rxa7
Re2+ 66. Kd5 Re3 67. Rb7 Rxd3 68. Rxb6 Rxg3 69. Kxc5 Rg4 70. Rd6 Rxh4 71. Kb6
d3 72. c5 Rb4+ 73. Ka5 Rc4 74. Kb6 h4 75. c6 g5 76. Rxd3 g4 77. c7 Rxc7 78.
Kxc7 h3 79. Rd7+ Kg6 80. Rd8 h2 81. Rh8 g3 82. Rg8+ Kf7 83. Rxg3 h1=Q 84. Rc3
Qd5 85. Rc6 Ke7 86. Kb6 Kd7 87. Rc5 Qb3+ 88. Rb5 Qe3+ 89. Kb7 Qd4 90. Rh5 Qb2+
91. Ka7 Qa3+ 92. Kb6 Qe3+ 93. Ka5 Kc6 94. Kb4 Qe4+ 95. Ka5 Qe1+ 96. Ka6 Qa1+
97. Ra5 Qf1+ 98. Ka7 Qf7+ 0-1

[Event "4NCL Division One"]
[Site "Warwick, ENG"]
[Date "2023.02.12"]
[Round "6.46"]
[White "Camacho Collados, Jose"]
[Black "Southcott-Moyers, Indy"]
[Result "1-0"]
[WhiteElo "2406"]
[BlackElo "2139"]
[PlyCount "139"]
[EventDate "2023.02.12"]
[WhiteTeam "Chessable White Rose 1"]
[BlackTeam "West is Best 1"]

1. e4 e5 2. Nf3 Nc6 3. Bb5 a6 4. Bxc6 dxc6 5. O-O Bg4 6. h3 h5 7. d3 Qf6 8.
Nbd2 Ne7 9. Re1 Ng6 10. d4 Bd6 11. hxg4 hxg4 12. Nh2 Rxh2 13. Qxg4 Qh4 14. Qxh4
Rxh4 15. Nf3 Rh8 16. Be3 O-O-O 17. Rad1 Rhe8 18. Bc1 Rd7 19. dxe5 Nxe5 20. Nd4
Red8 21. Nf5 g6 22. Nxd6+ Rxd6 23. Rxd6 cxd6 24. Bg5 Re8 25. Rd1 Kc7 26. f3 Re6
27. Kf2 f6 28. Bf4 g5 29. Bg3 Re7 30. Rh1 Kd7 31. b3 Ke6 32. Rh6 Rd7 33. Ke2 d5
34. exd5+ Rxd5 35. Be1 Nf7 36. Rg6 Re5+ 37. Kf2 Rd5 38. Ke2 Re5+ 39. Kd1 Rd5+
40. Kc1 Ne5 41. Rg8 Rd7 42. Bc3 Kf7 43. Rh8 Ke6 44. a4 Kf5 45. Re8 Rf7 46. Bxe5
fxe5 47. Kd2 Kf4 48. Ke2 g4 49. fxg4 Rg7 50. Kf2 Rd7 51. Rf8+ Ke4 52. Kg3 Re7
53. g5 Kd4 54. g6 e4 55. Rf7 Re6 56. g7 Rg6+ 57. Kf4 Rxg2 58. Rxb7 e3 59. Rd7+
Kc3 60. Kxe3 Kxc2 61. Rd2+ Rxd2 62. g8=Q Rd3+ 63. Ke4 Rxb3 64. Qc4+ Rc3 65.
Qxa6 Kb3 66. a5 Rc5 67. Qb7+ Rb5 68. a6 Kc4 69. Qxc6+ Kb4 70. Qxb5+ 1-0

[Event "4NCL Division One"]
[Site "Warwick, ENG"]
[Date "2023.02.12"]
[Round "6.47"]
[White "O'Gorman, Alice"]
[Black "Palliser, Richard J D"]
[Result "1/2-1/2"]
[WhiteElo "2028"]
[BlackElo "2395"]
[PlyCount "64"]
[EventDate "2023.02.12"]
[WhiteTeam "West is Best 1"]
[BlackTeam "Chessable White Rose 1"]

1. c4 g6 2. Nc3 Bg7 3. g3 c5 4. Bg2 Nc6 5. e4 d6 6. Nge2 Nf6 7. O-O O-O 8. d3
Rb8 9. h3 Ne8 10. Be3 Nc7 11. d4 b5 12. dxc5 dxc5 13. cxb5 Nxb5 14. Bxc5 Nxc3
15. bxc3 Qa5 16. Be3 Ne5 17. Bd4 Rb2 18. Nf4 e6 19. Qc1 Rxa2 20. Rxa2 Qxa2 21.
Qa1 Qxa1 22. Rxa1 Nc6 23. Bxg7 Kxg7 24. e5 Nxe5 25. Rxa7 Rd8 26. Rc7 Rd1+ 27.
Kh2 Bd7 28. c4 Kf6 29. c5 Ke7 30. c6 Kd8 31. Rxd7+ Nxd7 32. cxd7 Kxd7 1/2-1/2

[Event "4NCL Division One"]
[Site "Warwick, ENG"]
[Date "2023.02.12"]
[Round "6.48"]
[White "Sucikova, Svetlana"]
[Black "Turner, Lewis A"]
[Result "1-0"]
[WhiteElo "2228"]
[BlackElo "2054"]
[PlyCount "45"]
[EventDate "2023.02.12"]
[WhiteTeam "Chessable White Rose 1"]
[BlackTeam "West is Best 1"]

1. Nf3 Nf6 2. g3 g6 3. Bg2 Bg7 4. O-O O-O 5. c4 d6 6. d4 c5 7. Nc3 Nc6 8. d5
Na5 9. Qd3 a6 10. Bf4 b5 11. cxb5 axb5 12. Qxb5 Bf5 13. Qa4 Rb8 14. Nd2 Rxb2
15. Qa3 Rb4 16. e4 Bd7 17. Rfb1 Qb6 18. Qc1 Rb8 19. Bf1 Ng4 20. h3 Ne5 21. Be3
f5 22. Rxb4 Qxb4 23. Rb1 1-0

[Event "4NCL Division One"]
[Site "Warwick, ENG"]
[Date "2023.02.12"]
[Round "6.51"]
[White "Fernandez, Daniel Howard"]
[Black "Reimanis, Ritvars"]
[Result "1-0"]
[WhiteElo "2481"]
[BlackElo "2519"]
[PlyCount "171"]
[EventDate "2023.02.12"]
[WhiteTeam "Wood Green Youth"]
[BlackTeam "Celtic Tigers 1"]

1. d4 Nf6 2. Nc3 d5 3. Bf4 c6 4. e3 g6 5. h3 Bg7 6. Nf3 O-O 7. a4 Re8 8. a5
Nfd7 9. Be2 e5 10. Bh2 e4 11. Nd2 Nf8 12. b4 Ne6 13. Nb3 f5 14. Nc5 Nd7 15.
Nxe6 Rxe6 16. Na4 b5 17. axb6 axb6 18. c4 Nf6 19. c5 Nd7 20. cxb6 Nxb6 21. Nc5
Rxa1 22. Qxa1 Re8 23. Qa7 Nc4 24. Qc7 Qxc7 25. Bxc7 Bf8 26. Bxc4 dxc4 27. Kd2
Bxc5 28. bxc5 Re7 29. Bb6 Be6 30. Ra1 Rf7 31. Kc3 g5 32. Ra8+ Rf8 33. Ra6 Bd5
34. Bc7 Rf7 35. Be5 h5 36. g3 Rf8 37. h4 gxh4 38. gxh4 Rf7 39. Ra8+ Rf8 40. Ra1
Kh7 41. Kc2 Kh6 42. Ra7 Rf7 43. Ra8 Rb7 44. Rf8 Bf7 45. Rh8+ Kg6 46. Bf4 Kg7
47. Be5+ Kg6 48. Rd8 Bd5 49. Rf8 Bf7 50. d5 Bxd5 51. Rf6+ Kh7 52. Rxf5 Bf7 53.
Rg5 Bg6 54. Kc3 Rf7 55. Rg2 Rf5 56. Bd4 Bf7 57. Kd2 Kh6 58. Ke1 Rd5 59. Ke2 Rf5
60. Rg1 Bd5 61. Ra1 Kg6 62. Ke1 Rf3 63. Ke2 Rf5 64. Bc3 Rf3 65. Rg1+ Kh6 66.
Bg7+ Kh7 67. Rg5 Be6 68. Bd4 Rf5 69. Rg7+ Kh6 70. Re7 Bd5 71. Be5 Kg6 72. Bc3
Rf7 73. Re5 Rf5 74. Re8 Rf3 75. Kf1 Rf7 76. Rg8+ Kh6 77. Rg5 Be6 78. Re5 Bd5
79. f4 Kg6 80. Rg5+ Kh6 81. f5 Ra7 82. Kf2 Ra8 83. Bg7+ Kh7 84. Be5 Kh6 85.
Rg6+ Kh7 86. Rg7+ 1-0

[Event "4NCL Division One"]
[Site "Warwick, ENG"]
[Date "2023.02.12"]
[Round "6.52"]
[White "Urkedal, Frode Olav Olsen"]
[Black "Willow, Jonah B"]
[Result "1/2-1/2"]
[WhiteElo "2536"]
[BlackElo "2431"]
[PlyCount "57"]
[EventDate "2023.02.12"]
[WhiteTeam "Celtic Tigers 1"]
[BlackTeam "Wood Green Youth"]

1. d4 d5 2. c4 e6 3. Nc3 a6 4. cxd5 exd5 5. Bf4 Nf6 6. e3 c5 7. Be2 cxd4 8.
exd4 Bd6 9. Bg5 Be6 10. Bf3 Nbd7 11. Nge2 h6 12. Bf4 Qb8 13. Qd2 Nf8 14. Bxd6
Qxd6 15. Nf4 Ng6 16. Nxg6 fxg6 17. O-O O-O 18. Rae1 g5 19. Re3 Bg4 20. Bd1 Bxd1
21. Qxd1 Rae8 22. Rfe1 Rxe3 23. Rxe3 b5 24. f3 Qf4 25. Rd3 g4 26. Ne2 Qd6 27.
Ng3 Qf4 28. Ne2 Qd6 29. Ng3 1/2-1/2

[Event "4NCL Division One"]
[Site "Warwick, ENG"]
[Date "2023.02.12"]
[Round "6.53"]
[White "Royal, Shreyas"]
[Black "Kilpatrick, Callum"]
[Result "1-0"]
[WhiteElo "2456"]
[BlackElo "2413"]
[PlyCount "81"]
[EventDate "2023.02.12"]
[WhiteTeam "Wood Green Youth"]
[BlackTeam "Celtic Tigers 1"]

1. e4 c5 2. Nf3 Nc6 3. Bb5 g6 4. O-O Bg7 5. Re1 e5 6. Bxc6 dxc6 7. d3 Qc7 8.
Nbd2 Nf6 9. Nc4 Nd7 10. a4 Nf8 11. Qd2 Bg4 12. Qe3 Bxf3 13. Qxf3 Ne6 14. b3 O-O
15. Bb2 Rad8 16. Bc3 Nd4 17. Qd1 b6 18. Qd2 Rfe8 19. Ne3 h5 20. Bxd4 Rxd4 21.
Nd5 Qd7 22. c3 Rxd5 23. exd5 cxd5 24. Re2 f5 25. Rae1 Rd8 26. Rxe5 Bxe5 27.
Rxe5 Re8 28. Qe2 Kf7 29. g3 Rxe5 30. Qxe5 Qe6 31. Qh8 Qe1+ 32. Kg2 Qe7 33. h4
Ke6 34. Kf3 Qf7 35. Kf4 Kd6 36. Qd8+ Ke6 37. Kg5 Qg7 38. Qe8+ Kd6 39. Qxg6+
Qxg6+ 40. Kxg6 a5 41. c4 1-0

[Event "4NCL Division One"]
[Site "Warwick, ENG"]
[Date "2023.02.12"]
[Round "6.54"]
[White "Gallana, Marco"]
[Black "Czopor, Maciej"]
[Result "0-1"]
[WhiteElo "2243"]
[BlackElo "2412"]
[PlyCount "88"]
[EventDate "2023.02.12"]
[WhiteTeam "Celtic Tigers 1"]
[BlackTeam "Wood Green Youth"]

1. c4 Nf6 2. g3 g6 3. Bg2 Bg7 4. Nc3 O-O 5. d4 d6 6. h3 c5 7. e3 Qc7 8. b3 Bd7
9. Nge2 Qc8 10. Bb2 Nc6 11. Rc1 Re8 12. Kf1 h5 13. Kg1 h4 14. g4 cxd4 15. exd4
Qb8 16. Qd2 a6 17. Nd1 e6 18. Ne3 d5 19. g5 Nh5 20. Ng4 e5 21. cxd5 Nxd4 22.
Nxd4 exd4 23. Bxd4 Bxd4 24. Qxd4 Bxg4 25. hxg4 Nf4 26. Bf3 Qe5 27. Qxe5 Rxe5
28. Rd1 Rd8 29. Rxh4 Rxg5 30. Kh2 Kg7 31. Rd4 Ne6 32. Rc4 b5 33. Rc1 Nf4 34.
Rc6 Nxd5 35. Rxa6 Nb4 36. Ra7 Rd2 37. Kg3 Rxa2 38. Rc7 Nd3 39. Rh2 Rc5 40. Rd7
Rc3 41. Rd4 Ne1 42. Rf4 Rb2 43. Rh1 Nd3 44. Rd4 Ne5 0-1

[Event "4NCL Division One"]
[Site "Warwick, ENG"]
[Date "2023.02.12"]
[Round "6.55"]
[White "Derakhshani, Borna"]
[Black "Pein, Jonathan"]
[Result "0-1"]
[WhiteElo "2400"]
[BlackElo "2252"]
[PlyCount "35"]
[EventDate "2023.02.12"]
[WhiteTeam "Wood Green Youth"]
[BlackTeam "Celtic Tigers 1"]

1. e4 e6 2. d4 d5 3. Nc3 Nf6 4. e5 Nfd7 5. f4 c5 6. Nf3 Nc6 7. Ne2 Be7 8. c3
O-O 9. Be3 Qb6 10. Qd2 f6 11. exf6 Nxf6 12. dxc5 Bxc5 13. Bxc5 Qxc5 14. Ng3 Ng4
15. h3 Qe3+ 16. Qe2 Qxe2+ 17. Kxe2 Nf6 18. Rd1 0-1

[Event "4NCL Division One"]
[Site "Warwick, ENG"]
[Date "2023.02.12"]
[Round "6.56"]
[White "Pedersen, Carsten"]
[Black "Yao, Lan"]
[Result "0-1"]
[WhiteElo "2084"]
[BlackElo "2271"]
[PlyCount "108"]
[EventDate "2023.02.12"]
[WhiteTeam "Celtic Tigers 1"]
[BlackTeam "Wood Green Youth"]

1. e4 c5 2. Nc3 a6 3. g3 b5 4. Bg2 Bb7 5. Nh3 e6 6. O-O b4 7. Na4 Nf6 8. Re1 e5
9. c3 Nc6 10. d3 Be7 11. Be3 Qa5 12. a3 bxc3 13. bxc3 O-O 14. Qc2 Rab8 15. Reb1
Ba8 16. Nb2 Qc7 17. Nc4 d6 18. Qa4 a5 19. Ng5 Rb7 20. Qc2 Rfb8 21. a4 Nd8 22.
Na3 h6 23. Nf3 Rxb1+ 24. Rxb1 Rxb1+ 25. Qxb1 d5 26. Nb5 Qb8 27. exd5 Nxd5 28.
Bd2 Nb6 29. Qb3 c4 30. dxc4 Ne6 31. Be3 Nc5 32. Qa2 Bc6 33. Nd2 Bxg2 34. Kxg2
Qb7+ 35. Kg1 Qc6 36. Nb3 Nxb3 37. Qxb3 Nxc4 38. Ba7 Nd2 39. Qd1 Nf3+ 40. Kf1
Nxh2+ 41. Kg1 Nf3+ 42. Kf1 Ng5 43. Qd3 Ne6 44. f3 Ng5 45. Kg2 e4 46. fxe4 Nxe4
47. Qf3 Qe6 48. Kg1 Qg6 49. Kh2 Ng5 50. Qe2 Bf8 51. Bb8 Qc6 52. Bc7 Qd7 53. Qg2
Qg4 54. Nd4 Qh5+ 0-1

[Event "4NCL Division One"]
[Site "Warwick, ENG"]
[Date "2023.02.12"]
[Round "6.57"]
[White "Stoyanov, Viktor"]
[Black "Serbanescu, Diana-Maria"]
[Result "1-0"]
[WhiteElo "2243"]
[BlackElo "2090"]
[PlyCount "135"]
[EventDate "2023.02.12"]
[WhiteTeam "Wood Green Youth"]
[BlackTeam "Celtic Tigers 1"]

1. e4 d6 2. d4 Nf6 3. Nc3 e5 4. Nf3 Nbd7 5. Rg1 h6 6. g4 exd4 7. Qxd4 Nc5 8. g5
hxg5 9. Bxg5 Ne6 10. Qc4 c6 11. O-O-O Qc7 12. h4 Bd7 13. Qe2 O-O-O 14. e5 Nxg5
15. Nxg5 Re8 16. Nxf7 Rxh4 17. Nxd6+ Bxd6 18. Rxd6 Qxd6 19. exd6 Rxe2 20. Bxe2
Ne8 21. f3 Rh6 22. Ne4 Bf5 23. Bd3 Bxe4 24. fxe4 Rxd6 25. e5 Rd5 26. Rg5 Kd8
27. Bg6 Rd7 28. Bf5 Re7 29. Bg4 Kc7 30. Kd2 Kd8 31. Kd3 g6 32. Kd4 Rg7 33. Ke4
Ke7 34. Bc8 Kd8 35. Be6 Ke7 36. Bb3 Nc7 37. a4 Ne6 38. Bxe6 Kxe6 39. b4 Rg8 40.
c4 Rg7 41. c5 Rg8 42. b5 Kf7 43. Rg3 Rh8 44. Rf3+ Ke7 45. bxc6 bxc6 46. Rf6
Rh4+ 47. Ke3 Rxa4 48. Rxc6 g5 49. Rg6 g4 50. c6 Rc4 51. Kd3 Rc1 52. Kd4 g3 53.
Kd5 Rd1+ 54. Ke4 Rc1 55. Kf4 g2 56. Rxg2 Rxc6 57. Kf5 Kf7 58. Rh2 Kg7 59. Rd2
Rc7 60. Ke6 a5 61. Kd6 Ra7 62. e6 a4 63. e7 Ra6+ 64. Kd7 Ra7+ 65. Ke6 Ra6+ 66.
Rd6 Ra8 67. Rd8 Ra6+ 68. Kd5 1-0

[Event "4NCL Division One"]
[Site "Warwick, ENG"]
[Date "2023.02.12"]
[Round "6.58"]
[White "Zulfic, Fedja"]
[Black "Kalaiyalahan, Akshaya"]
[Result "1-0"]
[WhiteElo "2145"]
[BlackElo "2222"]
[PlyCount "33"]
[EventDate "2023.02.12"]
[WhiteTeam "Celtic Tigers 1"]
[BlackTeam "Wood Green Youth"]

1. d4 Nf6 2. c4 e6 3. Nf3 d5 4. e3 Be7 5. Nbd2 O-O 6. Bd3 dxc4 7. Nxc4 c5 8.
Nce5 cxd4 9. exd4 Bb4+ 10. Kf1 b6 11. Bg5 Bb7 12. h4 Be7 13. Bxf6 gxf6 14. Ng5
fxg5 15. Qh5 h6 16. Qxh6 f5 17. hxg5 1-0

[Event "4NCL Division One"]
[Site "Warwick, ENG"]
[Date "2023.02.12"]
[Round "6.61"]
[White "Murphy, Conor E"]
[Black "Speelman, Jon S"]
[Result "1-0"]
[WhiteElo "2429"]
[BlackElo "2500"]
[PlyCount "105"]
[EventDate "2023.02.12"]
[WhiteTeam "Cambridge University 1"]
[BlackTeam "Wood Green"]

1. e4 c6 2. Nf3 d5 3. d3 Qc7 4. Nc3 dxe4 5. dxe4 Bg4 6. h3 Bh5 7. Bc4 e6 8. Qe2
Nd7 9. g4 Bg6 10. Nh4 Be7 11. Ng2 e5 12. h4 h5 13. g5 Bb4 14. Bd2 Ne7 15. a3
Bd6 16. Ne3 Nc5 17. f3 a5 18. O-O-O O-O 19. a4 Rfd8 20. Ba2 Nc8 21. Nc4 Bf8 22.
Qh2 Re8 23. f4 exf4 24. Bxf4 Qe7 25. Nd6 Rd8 26. Nf5 Rxd1+ 27. Rxd1 Qe8 28. Bc7
Ne6 29. Qe5 Nxc7 30. Qxc7 Ne7 31. Nd6 Qb8 32. Qxb7 Qxb7 33. Nxb7 Nc8 34. Rd8
Nb6 35. Rxa8 Nxa8 36. Nxa5 Bd6 37. Nxc6 Bg3 38. Bd5 Nc7 39. b4 Bxh4 40. b5
Bxg5+ 41. Kd1 Nxd5 42. exd5 h4 43. Ke1 Bh5 44. Kf2 Bf4 45. Ne2 Bxe2 46. Kxe2 h3
47. Kf1 g5 48. b6 g4 49. b7 g3 50. b8=Q+ Bxb8 51. Nxb8 f5 52. Nc6 f4 53. Nd4
1-0

[Event "4NCL Division One"]
[Site "Warwick, ENG"]
[Date "2023.02.12"]
[Round "6.62"]
[White "Wadsworth, Matthew J"]
[Black "Bisby, Daniel L"]
[Result "1/2-1/2"]
[WhiteElo "2477"]
[BlackElo "2277"]
[PlyCount "82"]
[EventDate "2023.02.12"]
[WhiteTeam "Wood Green"]
[BlackTeam "Cambridge University 1"]

1. c4 Nf6 2. g3 g6 3. Bg2 Bg7 4. Nc3 O-O 5. d4 d6 6. h3 c5 7. e3 Nc6 8. Nge2
Bd7 9. O-O a6 10. b3 Rb8 11. a4 Nb4 12. e4 Qc8 13. Kh2 b5 14. axb5 axb5 15. e5
Ne8 16. exd6 Nxd6 17. dxc5 Qxc5 18. Be3 Qc8 19. c5 Nf5 20. Bf4 e5 21. Bd2 Bc6
22. Ne4 Rd8 23. Bxb4 Rxd1 24. Rfxd1 Ra8 25. N2c3 Rxa1 26. Rxa1 Nd4 27. Nd6 Qe6
28. Bxc6 Nxc6 29. Ra8+ Bf8 30. Ba3 b4 31. Bc1 g5 32. Nce4 h6 33. g4 Nd4 34. Be3
f5 35. Re8 Qxb3 36. gxf5 Nf3+ 37. Kg3 Qd1 38. Nf6+ Kg7 39. Nh5+ Kg8 40. Nf6+
Kg7 41. Nh5+ Kg8 1/2-1/2

[Event "4NCL Division One"]
[Site "Warwick, ENG"]
[Date "2023.02.12"]
[Round "6.63"]
[White "McClement, Andrew"]
[Black "Harvey, Marcus R"]
[Result "1/2-1/2"]
[WhiteElo "2220"]
[BlackElo "2466"]
[PlyCount "56"]
[EventDate "2023.02.12"]
[WhiteTeam "Cambridge University 1"]
[BlackTeam "Wood Green"]

1. Nf3 b6 2. g3 Bb7 3. Bg2 d5 4. O-O Nf6 5. c4 e6 6. d4 Be7 7. Qa4+ c6 8. cxd5
exd5 9. Rd1 O-O 10. Nc3 b5 11. Qc2 Nbd7 12. b3 Re8 13. Bb2 a5 14. Rac1 a4 15.
Ne5 axb3 16. axb3 Bd6 17. Nxd7 Qxd7 18. e4 dxe4 19. Nxe4 Nd5 20. Nc5 Bxc5 21.
dxc5 Qe6 22. Qd2 Rad8 23. Re1 Qd7 24. Qg5 f6 25. Bxd5+ Qxd5 26. Bxf6 Qxg5 27.
Bxg5 Rxe1+ 28. Rxe1 Rd5 1/2-1/2

[Event "4NCL Division One"]
[Site "Warwick, ENG"]
[Date "2023.02.12"]
[Round "6.64"]
[White "McDonald, Neil"]
[Black "Robertson, J Stuart"]
[Result "1-0"]
[WhiteElo "2409"]
[BlackElo "2154"]
[PlyCount "61"]
[EventDate "2023.02.12"]
[WhiteTeam "Wood Green"]
[BlackTeam "Cambridge University 1"]

1. e4 c5 2. Nf3 Nc6 3. d4 cxd4 4. Nxd4 Nf6 5. Nc3 e5 6. Ndb5 d6 7. Bg5 a6 8.
Na3 b5 9. Nd5 Be7 10. Bxf6 Bxf6 11. c4 b4 12. Nc2 O-O 13. g3 Be6 14. Bg2 Bxd5
15. cxd5 Nd4 16. O-O Qd7 17. Nxd4 exd4 18. Rc1 Rfc8 19. Rc6 Rxc6 20. dxc6 Qe6
21. Qa4 a5 22. Qb5 d3 23. Rd1 Bxb2 24. Rxd3 g6 25. Qb7 Re8 26. e5 Bxe5 27. Bd5
Qe7 28. Rf3 Qxb7 29. cxb7 Kh8 30. Rxf7 Bd4 31. Rc7 1-0